00390nam a22001457a 4500003000400000008004100004020001800045082001500063100003500078245004700113250001200160260004900172300001100221650001200232OSt250409b |||||||| |||| 00| 0 eng d a9788125035114 a306.07 HAN aHALL, Gary and BIRCHALL, Clare aNew Cultural Studies: Adventures in Theory aReprint aTelangana, India, bOrient BlackSwan,c2016, a324 p. aEnglish